000 01051nas a2200373 4500
001 BR0302817
003 BR-BrBNA
005 20231205103841.0
007 ta
008 230509b bl.|||p| |||| 00| 00por d
040 _aBR-BrBNA
_bpor
_cBiblioteca Nacional de Agricultura
041 _a(Pt)
072 _aF30
100 1 _aCaetano, J.H.S.
100 1 _aDall´agnol, M.
100 1 _aMeurer, E.J.
100 1 _aPaim, N.R.
100 1 _aFreitas, J.Q.
100 1 _aCosta, F. da
245 1 _aSeleção de alfafa (Medicago sativa L.)para solos ácidos
650 _aALFAFA
650 _aVARIEDADE
650 _aALUMÍNIO
650 _aRESISTÊNCIA A PRODUTOS QUÍMICOS
650 _aMELHORAMENTO GENÉTICO VEGETAL
650 _aSELEÇÃO GENÉTICA
650 _aSOLO
650 _aSOLUÇÃO NUTRITIVA
650 _aPH
650 _aANATOMIA VEGETAL
773 0 _tRevista Científica Rural (Brazil)
_xISSN 1413-8263
_g(2002), v. 7(1) p. 6-15
_wBR0302817
909 _a202311
_bLúcia
_c55
_dLúcia Elande
942 _2AGRIS
_n0
_cANA
999 _c175062
_d175062